[Event "Buenos Aires Torre Blanca op"]
[Site "Buenos Aires"]
[Date "2022.02.14"]
[Round "4"]
[White "Bek, Tomas"]
[Black "Bustos, Cristian"]
[Result "0-1"]
[WhiteElo "1762"]
[BlackElo "2013"]
[PlyCount "96"]
[EventDate "2022.02.03"]
[EventType "swiss"]
[EventRounds "7"]
[EventCountry "ARG"]
[SourceTitle "EXT 2023"]
[Source "ChessBase"]
[SourceDate "2022.10.05"]
[SourceVersion "1"]
[SourceVersionDate "2022.10.05"]
[SourceQuality "1"]

1. e4 e5 2. Nf3 Nc6 3. Bc4 Bc5 4. d3 Nf6 5. a4 a6 6. c3 d6 7. 0-0 Ba7 8. a5 h6 9. Be3 0-0 10. Nbd2 Be6 11. Bxa7 Rxa7 12. Re1 Qd7 13. b4 Bxc4 14. Nxc4 Qe6 15. Qd2 Raa8 16. h3 Rad8 17. Qb2 Nxe4 18. Ncxe5 Nxe5 19. Nxe5 Nxf2 20. Qxf2 dxe5 21. Qc5 Rxd3 22. Rxe5 Qd6 23. Qxd6 Rxd6 24. Rc5 c6 25. Re5 Rfd8 26. Rae1 R8d7 27. Re8+ Kh7 28. R1e3 Rd2 29. Kh2 h5 30. h4 g6 31. Rb8 Kg7 32. Kg3 R2d3 33. Kf3 Rxe3+ 34. Kxe3 Kf6 35. Kf4 Ke6 36. Re8+ Kd5 37. Re4 f6 38. Rd4+ Ke6 39. Re4+ Kf7 40. Re3 Rd2 41. g3 Rd5 42. Re4 Rf5+ 43. Ke3 Re5 44. Kd4 Rxe4+ 45. Kxe4 Ke6 46. c4 g5 47. c5 gxh4 48. gxh4 f5+ 0-1